[Event "Seville op 46th"]
[Site "Seville"]
[Date "2021.07.01"]
[Round "2"]
[White "Doval Rojas, Ernesto Jesus"]
[Black "Garcia Romero, Benjamin Abel"]
[Result "0-1"]
[WhiteElo "1878"]
[BlackElo "2275"]
[PlyCount "66"]
[EventDate "2021.06.30"]
[EventType "swiss"]
[EventRounds "7"]
[EventCountry "ESP"]
[SourceTitle "CBM 203 Extra"]
[Source "ChessBase"]
[SourceDate "2021.09.30"]
[SourceVersion "1"]
[SourceVersionDate "2021.09.30"]
[SourceQuality "1"]

1. b3 e5 2. Bb2 Nc6 3. e3 Nf6 4. Bb5 Bd6 5. Na3 Na5 6. Nf3 a6 7. Be2 Qe7 8. Nc4 Nxc4 9. bxc4 0-0 10. 0-0 e4 11. Nd4 Qe5 12. g3 c5 13. Nb5 Qxb2 14. Nxd6 Qe5 15. Nxc8 Rfxc8 16. Rb1 b5 17. f4 Qe6 18. cxb5 axb5 19. Rxb5 Qxa2 20. c4 d5 21. cxd5 Qxd5 22. Qc1 Qd7 23. Rf2 c4 24. Rg5 h6 25. Re5 Ra2 26. Bd1 c3 27. d4 Rxf2 28. Kxf2 c2 29. Be2 Qa4 30. h3 Qa2 31. Rb5 Nd5 32. Bg4 Nc3 33. Rb2 Qxb2 0-1